| 000 | 00451nam a2200145Ia 4500 | ||
|---|---|---|---|
| 008 | 151213s9999 xx 000 0 und d | ||
| 100 | _aGeorgarna Hall & Gemmy Allen | ||
| 245 |
_aThe Internet Guide for Marketing _cGeorgarna Hall & Gemmy Allen |
||
| 260 |
_aCininnali Ohio _bSouth Western Collage publishing _c1996 |
||
| 300 | _a2815 p. | ||
| 650 | _aMarketing | ||
| 650 | _aMarketing | ||
| 700 | _aGeorgarna Hall & Gemmy Allen | ||
| 999 |
_c1925 _d1925 |
||